Logo BPK

Biblioteka

Politechniki Koszalińskiej

Digital transmission lines : (Rekord nr 35881)

Szczegóły MARC
000 -ETYKIETA REKORDU
podpole kontrolne o stałej długości 00708nam a2200229 i 4500
001 - NUMER KONTROLNY REKORDU
pole kontrolne bg
020 ## - MIĘDZYNARODOWY ZNORMALIZOWANY NUMER KSIĄŻKI - ISBN
ISBN 019511292X
040 ## - ŹRÓDŁO KATALOGOWANIA
Instytucja, która utworzyła rekord BPK
041 0# - KOD JĘZYKA
Kod języka tekstu en
080 ## - UNIWERSALNA KLASYFIKACJA DZIESIĘTNA - UKD
UKD 621.39:004.31:004.94
920 ## - Międzynarodowy znormalizowany numer książki – ISBN
ISBN 0-19-511292-X
008 - POLE O STAŁEJ DŁUGOŚCI - DANE KONTROLNE
podpole kontrolne o stałej długości s pl f |000 0 pol
100 1# - NAZWA OSOBOWA
Nazwa osobowa GRANZOW, Kenneth D.
245 10 - TYTUŁ/ODPOWIEDZIALNOŚĆ
Tytuł Digital transmission lines :
Ciąg dalszy tytułu computer modelling and analysis /
Pozostałe elementy strefy tytułu i oznaczenia odpowiedzialności Kenneth D. Granzow.
260 ## - STREFA ADRESU WYDAWNICZEGO
Miejsce wydania New York ;
-- Oxford :
Nazwa wydawcy/dystrybutora Oxford Univ. Press,
Data publikacji, dystrybucji/powstania dokumentu 1998.
300 ## - STREFA OPISU FIZYCZNEGO
Objętość XX, 343 s. :
Inne cechy fizyczne rys., wykr. ;
Rozmiary 24 cm +
Dokument towarzyszący CD-ROM.
504 ## - UWAGA DOTYCZĄCA BIBLIOGRAFII
Informacje o bibliografii Bibliogr. s. 334-335. - Indeks.
650 #9 - HASŁO PRZEDMIOTOWE W FORMIE NAZWY OGÓLNEJ LUB JEDNOSTKOWEJ
Nazwa ogólna lub geograficzna Układy cyfrowe
650 #9 - HASŁO PRZEDMIOTOWE W FORMIE NAZWY OGÓLNEJ LUB JEDNOSTKOWEJ
Nazwa ogólna lub geograficzna Transmisja danych
650 #9 - HASŁO PRZEDMIOTOWE W FORMIE NAZWY OGÓLNEJ LUB JEDNOSTKOWEJ
Nazwa ogólna lub geograficzna Symulacja
Określnik ogólny stosowanie
-- telekomunikacja
856 ## - LOKALIZACJA I DOSTĘP DO ELEKTRONICZNYCH DOKUMENTÓW ZDALNYCH
Link (URL) http://koha.tu.koszalin.pl/cgi-bin/koha/opac-detail.pl?biblionumber=35881
Tekst linku Katalog online BPK
942 ## - DODATKOWE ELEMENTY (KOHA)
Typ dokumentu Książka
Egzemplarze
Wycofany Status egzemplarza Uszkodzony Dostępność Lokalizacja stała Lokalizacja bieżąca Miejsce przechowywania Sygnatura Kod kreskowy Typ dokumentu
      Dostępny Biblioteka Politechniki Koszalińskiej Biblioteka Politechniki Koszalińskiej Wypożyczalnia BG 48861 01414660 Książka
© 2023 Biblioteka Politechniki Koszalińskiej :: KOHA